Bilance a perspektivy privatizace Maďarsko
Váhavý postup privatizácie v Maďarsku v r. 1990-1995. Novela zákona o privatizácii - schválená maďarským parlamentom v máji 1995. Súčasný stav privatizácie. Prínos novely zákona o privatizácii. Príjem z privatizácie do tohtoročného štátneho rozpočtu Maďarska.
Guardado en:
| Autor principal: | |
|---|---|
| Formato: | Capítulo de libro |
| Lenguaje: | checo |
| Materias: | |
| Etiquetas: |
Sin Etiquetas, Sea el primero en etiquetar este registro!
|
MARC
| LEADER | 00000naa a2200000 4500 | ||
|---|---|---|---|
| 001 | r017924 | ||
| 005 | 20221205101412.2 | ||
| 041 | 0 | |a cze | |
| 044 | |a CZ | ||
| 245 | 1 | 0 | |a Bilance a perspektivy privatizace |b Maďarsko |c K. Ujházy |
| 520 | |a Váhavý postup privatizácie v Maďarsku v r. 1990-1995. Novela zákona o privatizácii - schválená maďarským parlamentom v máji 1995. Súčasný stav privatizácie. Prínos novely zákona o privatizácii. Príjem z privatizácie do tohtoročného štátneho rozpočtu Maďarska. | ||
| 610 | 2 | 0 | |a privatizácia |
| 610 | 2 | 0 | |a príjmy rozpočtu štátneho |
| 610 | 2 | 0 | |a zákony |
| 610 | 2 | 0 | |a Maďarsko |
| 610 | 2 | 0 | |a 1990-1995 |
| 100 | 1 | |a Ujházy, K. | |